| 000 | 00450nam a22001575a 4500 | ||
|---|---|---|---|
| 020 | _a9780618946686 (student edition) | ||
| 050 |
_aQA 154.3 _b.B68 2014 |
||
| 100 | 1 | _aBracken, Laura J. | |
| 245 | 1 | 0 |
_aIntermediate Algebra / _cLaura J. Bracken, Edward S. Miller. |
| 250 | _a1st Ed. | ||
| 260 |
_aBelmont, CA [USA] : _bBrooks/Cole Cengage Learning, _c2012. |
||
| 300 | _ap. cm. | ||
| 500 | _aIncludes index. | ||
| 650 | _xAlgebra. | ||
| 942 |
_2lcc _cGEN |
||
| 999 |
_c8747 _d8747 |
||